| 000 | 01327nam a2200313 i 4500 | ||
|---|---|---|---|
| 003 | EG-GICUC | ||
| 005 | 20260410131238.0 | ||
| 008 | 260410s1988 Su d|||fr|||| 00| 0 ara d | ||
| 040 |
_a EG-GICUC _bara _c EG-GICUC _d EG-GICUC _erda |
||
| 041 | _aAra | ||
| 082 | 0 | 4 |
_221 _a343.93 _bت ن |
| 092 | 0 | 4 | _221 |
| 099 | _aLaw1 10 343.93 ت ن 1988 | ||
| 245 | 0 | 2 | _aالتنمية الشاملة وعلاقتها بالأمن. |
| 264 | 1 |
_aالرياض : _bالمركز العربى للدراسات الأمنية والتدريب، _c1988. |
|
| 300 |
_a154 صفحة : _b؛ جداول _c24 سم. |
||
| 336 |
_2rda content _atext |
||
| 337 |
_2rda media _aComputer |
||
| 338 |
_2rda carrier _aOnline Resource |
||
| 500 | _aأبحاث الحلقة العلمية الرابعة والتى عقدت فى مدينة أبها بالمملكة العربية السعودية فى الفترة من من 25-29محرم 1405 هجريا الموافق من 13-17مايو 1984م | ||
| 504 | _a. 147 - 148 ببليوجرافيا: صفحات. | ||
| 546 | _aالنص باللغة العربية | ||
| 650 | 1 |
_aالسياسة الجنائية _2qrmak |
|
| 650 | 1 |
_aالقانون الجنائي _2qrmak |
|
| 651 | 1 | _2qrmak | |
| 856 | 4 | 0 | _uhttps://fll.law.cu.edu.eg/fulltext/bks/B10-07146.pdf |
| 905 | _a54 | ||
| 942 |
_2ddc _cBK _e21 _n0 |
||
| 999 |
_c69945 _d69945 |
||